Вып. 2; Политические мыслители Древнего и Нового мира
| Источник: | Политические мыслители Древнего и Нового мира: Вып. 1-2/ Б. Н. Чичерин.— , 1897 |
|---|---|
| Примечания: | Текст в русской дореформенной орфографии |
| Язык: | русский |
| Опубликовано: |
|
| Предметы: |
Вольф
> Х. фон
> барон
> немецкий философ
> математик
> физик
> профессор в Галле
> ин. почетный чл. Петербургской Академии наук с 1725 г.
> 1679-1754
> Христиан фон
Гумбольдт
> В.
> немецкий филолог, философ, языковед
> государственный деятель, дипломат
> 1767-1835
> Вильгельм
Роттек
> К. В. фон Р.
> Карл Венцлав фон Роденер
> немецкий историк и политический деятель
> 1755-1840
|
| Формат: | Книга |
| Запись в KOHA: | https://koha.lib.tpu.ru/cgi-bin/koha/opac-detail.pl?biblionumber=349966 |
MARC
| LEADER | 00000nam2a2200000 4500 | ||
|---|---|---|---|
| 001 | 349966 | ||
| 005 | 20231102010244.0 | ||
| 035 | |a (RuTPU)RU\TPU\retro\3347 | ||
| 035 | |a RU\TPU\book\332234 | ||
| 090 | |a 349966 | ||
| 100 | |a 20181018d1897 k y0rusy50 ca | ||
| 101 | 0 | |a rus | |
| 102 | |a RU | ||
| 105 | |a y z 000zd | ||
| 200 | 0 | |a Вып. 2 | |
| 215 | |a XII, 433 с. | ||
| 300 | |a Текст в русской дореформенной орфографии | ||
| 316 | |5 63413507: М-133197 |a Владельческий штамп "Из книг инженера И. Н. Бутакова" | ||
| 317 | |5 63413507: М-133197 |a Поступила в НТБ в 1970 г. в составе книжного собрания профессора ТПИ И. Н. Бутакова | ||
| 461 | 1 | |0 (RuTPU)RU\TPU\retro\3301 |t Политические мыслители Древнего и Нового мира |o Вып. 1-2 |f Б. Н. Чичерин |d 1897 |s Библиотека для самообразования | |
| 517 | 1 | |a Политическiе мыслители древняго и новаго мiра | |
| 600 | 1 | |a Вольф |b Х. фон |c барон |c немецкий философ |c математик |c физик |c профессор в Галле |c ин. почетный чл. Петербургской Академии наук с 1725 г. |f 1679-1754 |g Христиан фон |2 stltpush |3 (RuTPU)RU\TPU\pers\13255 |9 3928 | |
| 600 | 1 | |a Бентам |b И. |c английский философ, экономист, юрист |f 1748-1832 |g Иеремия |2 stltpush |3 (RuTPU)RU\TPU\pers\10168 |9 2204 | |
| 600 | 1 | |a Кант |b И. |c родоначальник немецкой классической философии |f 1724-1804 |g Иммануил |2 stltpush |3 (RuTPU)RU\TPU\pers\208 |9 105 | |
| 600 | 1 | |a Гумбольдт |b В. |c немецкий филолог, философ, языковед |c государственный деятель, дипломат |f 1767-1835 |g Вильгельм |2 stltpush |3 (RuTPU)RU\TPU\pers\18503 |9 6844 | |
| 600 | 1 | |a Роттек |b К. В. фон Р. |g Карл Венцлав фон Роденер |c немецкий историк и политический деятель |f 1755-1840 |2 stltpush |3 (RuTPU)RU\TPU\pers\12212 | |
| 600 | 1 | |a Галлер |b К. Л. |c швейцарский государственный деятель |c один из теоретиков Европейской Реставрации |f 1768-1854 |g Карл Людвиг |2 stltpush |3 (RuTPU)RU\TPU\pers\35265 |9 18529 | |
| 600 | 1 | |a Гегель |g Георг Вильгельм Фридрих |b Г. В. Ф. |c немецкий философ |f 1770-1831 |2 stltpush |3 (RuTPU)RU\TPU\pers\947 | |
| 606 | 1 | |a Политические учения |x История |2 stltpush |3 (RuTPU)RU\TPU\subj\68906 |9 83980 | |
| 610 | 1 | |a политика | |
| 610 | 1 | |a политическая мысль | |
| 610 | 1 | |a история | |
| 610 | 1 | |a новая история | |
| 610 | 1 | |a владельческие знаки | |
| 610 | 1 | |a самоучители | |
| 610 | 1 | |a самообразование | |
| 610 | 1 | |a библиотека И. Н. Бутакова | |
| 686 | |a Ф1(0)я73 |v LBC/SL-A |2 rubbk | ||
| 801 | 1 | |a RU |b 63413507 |c 20151014 | |
| 801 | 2 | |a RU |b 63413507 |c 20190912 |g RCR | |
| 942 | |c BK | ||